| 000 | 00754nam a22002055i 4500 | ||
|---|---|---|---|
| 001 | 53526 | ||
| 003 | ES-MaACL | ||
| 005 | 20230906162801.0 | ||
| 007 | t| | ||
| 008 | 951002s1881 fr ||||1| fre d | ||
| 040 |
_aCAM _bspa _cCAM |
||
| 111 | 2 |
_aExposition Internationale d'Electricité ( _d1881. _cParis) _9716 |
|
| 245 | 1 | 0 |
_aExposition Internationale d'Electricité _b: Paris 1881: catalogue général officiel. |
| 260 |
_aParis : _bA. Lahure, _c[1881?] |
||
| 300 |
_a229 p. : _bil. ; _c23 cm. |
||
| 710 | 1 |
_aFrancia. _bMinistère des Postes et des Télégraphes. _94169 |
|
| 852 |
_aES-MaACL _jArmario 18 _q Encuadernado con otra obra _dOlim: G-1474 vol. facticio dos obras en un volumen. |
||
| 942 | _2udc | ||
| 999 |
_c53526 _d53526 |
||